Juicio contra la CDHES: cuestionan a organismos de derechos humanos /

محفوظ في:
التفاصيل البيبلوغرافية
المؤلف الرئيسي: Quesada, Carlos
التنسيق: نص
الوسوم: إضافة وسم
لا توجد وسوم, كن أول من يضع وسما على هذه التسجيلة!

MARC

LEADER 00000 a a2200000 04500
001 1500
003
040
100 |a Quesada, Carlos  
245 |a Juicio contra la CDHES:   |b cuestionan a organismos de derechos humanos /  |c Carlos Quesada 
773 |g número 99; páginas 29  
999 |c 28698  |d 28698